• 首页
  • 本馆介绍
  • 公告通知
  • 最新文献
  • 馆藏检索
  • 电子资源
  • 读者导购
  • 参考咨询
  • 我的图书馆
  • 登录
  • 详细信息显示
  • 放入我的书架
  • 预约/预借图书
  • 作者相关作品
  • 分类相关作品
  • 丛书相关作品
  • 出版社相关作品

书目信息

  • 表格格式
  • 工作单格式
  • 卡片格式
题名:
孕前准备百科
    
 
作者: 翟桂荣 编著
分册:  
出版信息: 北京   电子工业出版社  2017.05
页数: 256页
开本: 24cm
丛书名:
单 册:
中图分类: R169.1
科图分类:
主题词: 优生优育--基本知识
电子资源:
ISBN: 978-7-121-31234-2
000 01099nam0 2200229 450
001 371
005 20180922091846.30
010    @a978-7-121-31234-2@dCNY49.80
100    @a20170802d2017 em y0chiy50 ea
101 0  @achi
102    @aCN@b110000
105    @aa z 000yy
200 1  @a孕前准备百科@9yun qian zhun bei bai ke@f翟桂荣编著
210    @a北京@c电子工业出版社@d2017.05
215    @a256页@c图@d24cm
314    @a翟桂荣,女,中华医学会权威产科专家,北京妇产医院主任医师;首都医科大学教授、硕士生导师;首发基金项目科研课题主要负责人;《中国现代妇女科学》杂志编委;《北京医学》杂志常务编委;《继续医学教育》杂志编委。
330    @a本书以专业的视角从读者最需要了解、最想知道的方面,从备孕6个月开始以倒计时的线索来讲解如何备孕:怀孕的原理、优生优育的要点、每个月的备孕重点、备孕生活调理、备孕食疗、备孕运动、备孕检查以及疾病调理、试孕方法,备孕调理涉及饮食、艾灸、按摩、运动、心理等多方面,是一本安全有效、简单易学、便于操作的备孕指导书。
606 0  @a优生优育@x基本知识
690    @aR169.1@v5
701  0 @a翟桂荣@9zhai gui rong@4编著
801  0 @aCN@b91MARC@c20170802
905    @aMuseLib@dR169.1@e261
    
    孕前准备百科/翟桂荣编著.-北京:电子工业出版社,2017.05
    256页:图;24cm
    
    
    ISBN 978-7-121-31234-2:CNY49.80
    本书以专业的视角从读者最需要了解、最想知道的方面,从备孕6个月开始以倒计时的线索来讲解如何备孕:怀孕的原理、优生优育的要点、每个月的备孕重点、备孕生活调理、备孕食疗、备孕运动、备孕检查以及疾病调理、试孕方法,备孕调理涉及饮食、艾灸、按摩、运动、心理等多方面,是一本安全有效、简单易学、便于操作的备孕指导书。
●
相关链接 在E读中查询图书 在五车中查询图书 在当当中查询图书 在豆瓣中查询图书


正题名:孕前准备百科     索取号:R169.1/261         预约/预借

序号 登录号 条形码 馆藏地/架位号 状态 备注
1 1119564   211195641   第二样本阅览室/ [索取号:R169.1/261] 在馆    
2 1119565   211195650   第三借阅区/ [索取号:R169.1/261] 在馆    
3 1119566   211195669   第三借阅区/ [索取号:R169.1/261] 在馆    
4 1119567   211195678   第三借阅区/ [索取号:R169.1/261] 在馆    
5 1119568   211195687   第三借阅区/ [索取号:R169.1/261] 在馆    
唐山师范学院图书馆 欢迎您!
大连网信软件有限公司© 版权所有